Le opportunità promosse dall'UE nel settore della gioventù
Uloženo v:
| Korporativní autor: | |
|---|---|
| Médium: | Kniha |
| Jazyk: | angličtina |
| Vydáno: |
Cagliari
Ministero del Lavoro e delle Politiche Sociali
2004
|
| Tagy: |
Žádné tagy, Buďte první, kdo vytvoří štítek k tomuto záznamu!
|
MARC
| LEADER | 00000nam a2200000 4500 | ||
|---|---|---|---|
| 005 | 20240522170023.0 | ||
| 008 | 240522b |||||||| |||| 00| 0 eng d | ||
| 040 | |c GP | ||
| 110 | |a Ministero del Lavoro e delle Politiche Sociali | ||
| 245 | |a Le opportunità promosse dall'UE nel settore della gioventù | ||
| 260 | |a Cagliari |b Ministero del Lavoro e delle Politiche Sociali |c 2004 | ||
| 942 | |2 ddc |c BK |n 0 | ||
| 952 | |0 0 |1 0 |2 ddc |4 0 |6 306_000000000000000_MIN |7 1 |9 1305 |a RM |b RM |d 2024-05-22 |l 0 |o 306 MIN |p 78 |r 2024-05-22 17:00:47 |w 2024-05-22 |y BK | ||
| 999 | |c 1206 |d 1206 | ||